000 00861nam a2200241 a 4500
005 20090912111958.0
008 080424s2008 nyua j 000 1 eng
010 _aB-358103
020 _a9788126417667
_c60.00
035 _aB-358103
037 _bDBAD / PUB
040 _adpl
_bEnglish
082 _aS
100 _aMini John
245 _aAndersen's the snow queen /
_cretold by Mini John; illustrated by Raghu G.
260 _aKerala
_bDC Books
_c2008
270 _aDC Kizhakemuri Edam, Good Shepherd Street, Kottayam
_b686001
300 _a29p.:
_bcol. ill. ;
_c22cm(pbk)
650 _aChildren's stories, English
700 _aRaghu G.
942 _2ddc
_cCH
_hS
_mMIN
999 _c30304
_d30304